Urbanismo occidental
I tiakina i:
| Kaituhi matua: | |
|---|---|
| Hōputu: | Pukapuka |
| Reo: | Pāniora |
| I whakaputaina: |
Madrid
Alianza
1983
|
| Rangatū: | Alianza Forma, 37
|
| Ngā marau: | |
| Ngā Tūtohu: |
Tāpirihia he Tūtohu
Kāore He Tūtohu, Me noho koe te mea tuatahi ki te tūtohu i tēnei pūkete!
|
MARC
| LEADER | 00000nam a2200000 a 4500 | ||
|---|---|---|---|
| 001 | UCV8650 | ||
| 003 | CL-VaPUC | ||
| 008 | 911114e19830000SP |||||||||||||||||spa|d | ||
| 082 | 0 | 4 | |a 711.4 |b BRA |2 21 |
| 100 | 0 | |a Braunfels, Wolfgang |e author |9 302673 | |
| 245 | 1 | 0 | |a Urbanismo occidental |
| 300 | |a 323 p | ||
| 942 | |c BK | ||
| 945 | |d 19911114 00:00:00 | ||
| 260 | |a Madrid |b Alianza |c 1983 | ||
| 650 | 0 | |a Planificación urbana |9 258176 | |
| 650 | 0 | |a Historia de la arquitectura |9 266241 | |
| 651 | 0 | |a Europa |9 255156 | |
| 583 | |a last modification |c 20160929 08:59:52 |k Rodrigo Vera | ||
| 490 | 0 | |a Alianza Forma, 37 | |
| 999 | |c 214134 |d 214132 | ||
| 952 | |0 0 |1 0 |4 0 |6 711_400000000000000_BRA_1983 |7 0 |8 A |9 197243 |a BIBARQ |b BIBARQ |d 2019-11-14 |i 2649365 |o 711.4 BRA 1983 |p 2649365 |r 2025-01-20 |w 2019-11-14 |y BK |k ARQ | ||